[Event "IBCA Wch blind 14th"]
[Site "Cagliari"]
[Date "2019.04.06"]
[Round "1"]
[White "Nizam, Rasim"]
[Black "Wikman, Bengt Ingemar"]
[Result "1-0"]
[WhiteElo "2166"]
[BlackElo "1806"]
[PlyCount "27"]
[EventDate "2019.04.06"]
[EventType "swiss"]
[EventRounds "9"]
[EventCountry "ITA"]
[SourceTitle "CBM 189 Extra"]
[Source "ChessBase"]
[SourceDate "2019.06.03"]
[SourceVersion "1"]
[SourceVersionDate "2019.06.03"]
[SourceQuality "1"]

1. e4 d5 2. exd5 Qxd5 3. Nc3 Qd6 4. d4 c6 5. Nf3 Bg4 6. h3 Bf5 7. Ne5 Nd7 8. Nc4 Qe6+ 9. Be2 Qg6 10. Ne3 Ngf6 11. g4 Be4 12. f3 Bd5 13. Bd3 Qh6 14. Nf5 1-0

[Event "FIN-chT 1617"]
[Site "Finland"]
[Date "2017.03.12"]
[Round "11.7"]
[White "Wikman, Bengt Ingemar"]
[Black "Ebeling, Mika"]
[Result "0-1"]
[WhiteElo "1833"]
[BlackElo "2213"]
[PlyCount "70"]
[EventDate "2016.09.17"]
[EventType "team-tourn"]
[EventRounds "11"]
[EventCountry "FIN"]
[SourceTitle "EXT 2018"]
[Source "ChessBase"]
[SourceDate "2017.10.13"]
[SourceVersion "1"]
[SourceVersionDate "2017.10.13"]
[SourceQuality "1"]
[WhiteTeam "Karjaa KarjUra"]
[BlackTeam "Espoo MatSK"]
[WhiteTeamCountry "FIN"]
[BlackTeamCountry "FIN"]

1. e4 e5 2. Nf3 Nc6 3. d4 exd4 4. Bc4 Nf6 5. Bg5 h6 6. Bf4 Nxe4 7. Nxd4 d5 8. Nb5 Nd6 9. Qxd5 Be6 10. Nxd6+ Bxd6 11. Qe4 Bxf4 12. Qxf4 Bxc4 13. Qxc4 Qe7+ 14. Qe2 Qxe2+ 15. Kxe2 Nd4+ 16. Kd3 0-0-0 17. Kc3 Rhe8 18. Na3 Re2 19. Rhf1 c5 20. Rac1 b5 21. b4 a5 22. Kd3 Re6 23. Nxb5 Nxb5+ 24. Kc4 Nd6+ 25. Kxc5 Ne4+ 26. Kb5 Re5+ 27. Ka4 Nc3+ 28. Kb3 axb4 29. Rce1 Ne2 30. Kxb4 Rd2 31. Kb3 Rb5+ 32. Kc4 Rb2 33. a4 Rbxc2+ 34. Kb4 Rd4+ 35. Kb3 Rc3+ 0-1

[Event "FIN-chT 1617"]
[Site "Finland"]
[Date "2016.10.09"]
[Round "4.8"]
[White "Wikman, Bengt Ingemar"]
[Black "Salopaa, Tero"]
[Result "0-1"]
[WhiteElo "1833"]
[BlackElo "2092"]
[PlyCount "78"]
[EventDate "2016.09.17"]
[EventType "team-tourn"]
[EventRounds "11"]
[EventCountry "FIN"]
[SourceTitle "EXT 2017"]
[Source "ChessBase"]
[SourceDate "2016.10.25"]
[SourceVersion "1"]
[SourceVersionDate "2016.10.25"]
[SourceQuality "1"]
[WhiteTeam "Karjaa KarjUra"]
[BlackTeam "Turku TuTS"]
[WhiteTeamCountry "FIN"]
[BlackTeamCountry "FIN"]

1. e4 d5 2. exd5 Qxd5 3. Nc3 Qd6 4. h3 c6 5. Bc4 Nf6 6. d4 Bf5 7. Nf3 e6 8. Ne5 Nbd7 9. Bf4 Qb4 10. Bb3 Nxe5 11. Bxe5 Ne4 12. a3 Nxc3 13. axb4 Nxd1 14. Kxd1 Bxb4 15. Bxg7 Rg8 16. Be5 Rxg2 17. Bg3 Be4 18. Ke2 Rxg3 19. fxg3 Bxh1 20. Rxh1 Rd8 21. c3 Bd6 22. g4 Ke7 23. Ra1 a6 24. Ra5 Kf6 25. Rh5 Kg7 26. Rg5+ Kh8 27. Kf3 h6 28. Rh5 Kg7 29. g5 hxg5 30. Rxg5+ Kf6 31. h4 Rh8 32. Kg4 Bf8 33. Re5 Bh6 34. Re2 Rg8+ 35. Kf3 Rg1 36. Bc2 Bc1 37. Be4 Rf1+ 38. Kg4 Kg7 39. Rc2 f5+ 0-1

[Event "FIN-chT 1617"]
[Site "Finland"]
[Date "2016.10.08"]
[Round "3.8"]
[White "Pelto, Juho"]
[Black "Wikman, Bengt Ingemar"]
[Result "1/2-1/2"]
[WhiteElo "2080"]
[BlackElo "1833"]
[PlyCount "146"]
[EventDate "2016.09.17"]
[EventType "team-tourn"]
[EventRounds "11"]
[EventCountry "FIN"]
[SourceTitle "EXT 2017"]
[Source "ChessBase"]
[SourceDate "2016.10.25"]
[SourceVersion "1"]
[SourceVersionDate "2016.10.25"]
[SourceQuality "1"]
[WhiteTeam "Salo SalSK"]
[BlackTeam "Karjaa KarjUra"]
[WhiteTeamCountry "FIN"]
[BlackTeamCountry "FIN"]

1. e4 c5 2. c3 d5 3. exd5 Qxd5 4. d4 e5 5. dxe5 Qxe5+ 6. Be2 Nf6 7. Nf3 Qc7 8. Na3 a6 9. 0-0 Be7 10. g3 0-0 11. Bf4 Qd8 12. Qc2 b5 13. Ne5 Bb7 14. Rad1 Qb6 15. Bf3 Bxf3 16. Nxf3 Nc6 17. c4 Rfd8 18. Rfe1 Rxd1 19. Rxd1 b4 20. Nb1 Rd8 21. Nbd2 Nd4 22. Nxd4 Rxd4 23. Nf3 Rxd1+ 24. Qxd1 Qe6 25. Qe1 Ne4 26. Nd2 Nxd2 27. Bxd2 Qxe1+ 28. Bxe1 f5 29. f3 Kf7 30. Kf1 g5 31. g4 Ke6 32. Ke2 fxg4 33. fxg4 Bf6 34. b3 Bd4 35. Kf3 Bg1 36. Bg3 Bd4 37. Ke4 Bg1 38. h3 Bd4 39. Bh2 Bf2 40. Be5 Be1 41. Bc7 Bc3 42. Bd8 h6 43. Bc7 Bb2 44. Bh2 Bf6 45. Bg1 Be7 46. Be3 Bd6 47. Bc1 Be5 48. Bd2 Bf6 49. Be1 Bd4 50. Bg3 Bf6 51. Bc7 Bd4 52. Bg3 Bf6 53. Bc7 Bd4 54. Bb8 Bc3 55. Bg3 Bd4 56. Bh2 Bf6 57. Bg1 Be7 58. Bf2 Bd6 59. h4 Bf8 60. hxg5 hxg5 61. Bg3 Be7 62. Bc7 Bf6 63. Bb6 Be7 64. Bc7 Bf6 65. Bh2 Bd4 66. Bg3 Bg7 67. Bf2 Bf8 68. Be1 Bg7 69. Bd2 Bf6 70. Bc1 Bd8 71. Bb2 Be7 72. Be5 Bf8 73. Bh2 Be7 1/2-1/2

[Event "IBCA EU-ch blind 06th"]
[Site "Lyon"]
[Date "2015.08.01"]
[Round "8"]
[White "Siret, Bernard"]
[Black "Wikman, Bengt Ingemar"]
[Result "1-0"]
[WhiteElo "1698"]
[BlackElo "1886"]
[PlyCount "53"]
[EventDate "2015.07.25"]
[EventType "swiss"]
[EventRounds "9"]
[EventCountry "FRA"]
[SourceTitle "CBM 167 Extra"]
[Source "ChessBase"]
[SourceDate "2015.09.14"]
[SourceVersion "1"]
[SourceVersionDate "2015.09.14"]
[SourceQuality "1"]

1. d4 Nf6 2. Nc3 e6 3. e3 d5 4. Nf3 c5 5. Be2 a6 6. a4 b6 7. Ne5 Nbd7 8. f4 cxd4 9. exd4 Ne4 10. Nxe4 dxe4 11. 0-0 Nf6 12. c3 Bd6 13. Qe1 Nd5 14. Bh5 g6 15. Bd1 f5 16. g4 Bxe5 17. fxe5 h5 18. gxh5 gxh5 19. h4 Ra7 20. Bg5 Qc7 21. Kh2 Bb7 22. Rg1 Qg7 23. c4 Ne7 24. Qb4 Nc8 25. Bf6 Qf7 26. a5 bxa5 27. Ba4+ 1-0

[Event "IBCA EU-ch blind 06th"]
[Site "Lyon"]
[Date "2015.07.26"]
[Round "2"]
[White "Cizman, Gregor"]
[Black "Wikman, Bengt Ingemar"]
[Result "1/2-1/2"]
[WhiteElo "1618"]
[BlackElo "1886"]
[PlyCount "37"]
[EventDate "2015.07.25"]
[EventType "swiss"]
[EventRounds "9"]
[EventCountry "FRA"]
[SourceTitle "CBM 167 Extra"]
[Source "ChessBase"]
[SourceDate "2015.09.14"]
[SourceVersion "1"]
[SourceVersionDate "2015.09.14"]
[SourceQuality "1"]

1. d4 Nf6 2. Nf3 b6 3. c3 d5 4. Bf4 Nbd7 5. Nbd2 c5 6. e3 Nh5 7. Be5 Nxe5 8. Nxe5 c4 9. Be2 Nf6 10. Bf3 e6 11. e4 Bd6 12. Nexc4 dxc4 13. e5 Bxe5 14. dxe5 Nd7 15. Nxc4 0-0 16. 0-0 Qc7 17. Qe2 Rb8 18. Rfe1 b5 19. Nd2 1/2-1/2

[Event "IBCA EU-ch blind 06th"]
[Site "Lyon"]
[Date "2015.07.25"]
[Round "1"]
[White "Wikman, Bengt Ingemar"]
[Black "Meshkov, Yuri A"]
[Result "0-1"]
[WhiteElo "1886"]
[BlackElo "2349"]
[PlyCount "104"]
[EventDate "2015.07.25"]
[EventType "swiss"]
[EventRounds "9"]
[EventCountry "FRA"]
[SourceTitle "CBM 167 Extra"]
[Source "ChessBase"]
[SourceDate "2015.09.14"]
[SourceVersion "1"]
[SourceVersionDate "2015.09.14"]
[SourceQuality "1"]

1. e4 c5 2. Nf3 g6 3. d4 cxd4 4. Nxd4 Bg7 5. Bc4 Qa5+ 6. c3 Nf6 7. Qe2 Nc6 8. 0-0 0-0 9. Nd2 Nxd4 10. cxd4 d5 11. Nb3 Qd8 12. exd5 a5 13. Re1 a4 14. Nc5 b6 15. Nd3 Nxd5 16. Ne5 Bb7 17. b3 b5 18. Bxb5 axb3 19. a4 Nc3 20. Qb2 Qd5 21. Nf3 Nxb5 22. axb5 e6 23. Rb1 Qf5 24. Qxb3 Bd5 25. Qb4 Rfc8 26. Be3 Rc2 27. b6 Bf8 28. Qb5 Rb8 29. Qa6 Bxf3 30. gxf3 Qxf3 31. Rec1 Qg4+ 32. Kf1 Qh3+ 33. Ke1 Rxc1+ 34. Bxc1 Qxh2 35. b7 Qh1+ 36. Kd2 Bh6+ 37. Kc2 Qe4+ 38. Qd3 Qxd3+ 39. Kxd3 Bxc1 40. Rxc1 Rxb7 41. Ke4 Rb5 42. f4 h6 43. Kf3 Kg7 44. Rd1 f5 45. Rg1 Rb3+ 46. Ke2 Rh3 47. Rg2 Kf6 48. Rg1 g5 49. Rf1 g4 50. Rf2 h5 51. Rf1 h4 52. Rf2 Rh1 0-1

[Event "IBCA Wch blind 13th"]
[Site "Katerini"]
[Date "2014.05.14"]
[Round "9"]
[White "Wikman, Bengt Ingemar"]
[Black "Gundogmus, Alaetin"]
[Result "1-0"]
[WhiteElo "1903"]
[BlackElo "1600"]
[PlyCount "125"]
[EventDate "2014.05.05"]
[EventType "swiss"]
[EventRounds "9"]
[EventCountry "GRE"]
[SourceTitle "CBM 160 Extra"]
[Source "ChessBase"]
[SourceDate "2014.07.01"]
[SourceVersion "1"]
[SourceVersionDate "2014.07.01"]
[SourceQuality "1"]

1. e4 e5 2. Nf3 Nc6 3. Bb5 a6 4. Ba4 b5 5. Bb3 Nf6 6. d3 h6 7. c3 d6 8. h3 Be7 9. Be3 Be6 10. Bc2 0-0 11. 0-0 Nh7 12. a3 f5 13. exf5 Bxf5 14. Bb3+ Kh8 15. d4 Na5 16. dxe5 Nxb3 17. Qxb3 Be4 18. Nbd2 Bb7 19. Qe6 Ng5 20. Nxg5 Bxg5 21. exd6 cxd6 22. Rae1 Rf6 23. Qg4 Bxe3 24. Rxe3 Qf8 25. Ne4 Bxe4 26. Qxe4 d5 27. Qxd5 Rd8 28. Qe5 Rf5 29. Qe6 Rf6 30. Qg4 Qd6 31. Rfe1 Rdf8 32. R3e2 a5 33. Qd4 Qxd4 34. cxd4 Rd6 35. Rd2 b4 36. axb4 axb4 37. d5 Rf5 38. Red1 g5 39. Rd4 Kg7 40. g4 Rf3 41. R1d3 Rxd3 42. Rxd3 Kf6 43. Rd4 Ke5 44. Rxb4 Kxd5 45. Kg2 Kc5 46. Rb8 Rf6 47. Kg3 Kc6 48. Rb4 Kc5 49. Ra4 Rb6 50. b4+ Kb5 51. Ra2 Rf6 52. Rb2 Rf8 53. h4 Rf6 54. hxg5 hxg5 55. Re2 Kxb4 56. Re5 Rg6 57. f4 gxf4+ 58. Kxf4 Kc4 59. Kf5 Rg8 60. g5 Kd4 61. Re1 Kd5 62. Rd1+ Kc6 63. Kf6 1-0

[Event "IBCA Wch blind 13th"]
[Site "Katerini"]
[Date "2014.05.11"]
[Round "6"]
[White "Wikman, Bengt Ingemar"]
[Black "Dal, Ibrahim"]
[Result "0-1"]
[WhiteElo "1903"]
[BlackElo "1635"]
[PlyCount "116"]
[EventDate "2014.05.05"]
[EventType "swiss"]
[EventRounds "9"]
[EventCountry "GRE"]
[SourceTitle "CBM 160 Extra"]
[Source "ChessBase"]
[SourceDate "2014.07.01"]
[SourceVersion "1"]
[SourceVersionDate "2014.07.01"]
[SourceQuality "1"]

1. e4 c6 2. d4 d5 3. Nc3 dxe4 4. Nxe4 Nd7 5. c3 Ngf6 6. Ng3 e6 7. Bd3 c5 8. Nf3 Be7 9. 0-0 0-0 10. Re1 b6 11. a4 Bb7 12. a5 bxa5 13. Bb1 Qc7 14. dxc5 Nxc5 15. Nd4 Rfd8 16. Qc2 g6 17. Ba2 Nd5 18. Qe2 Bf6 19. Qg4 Bxd4 20. cxd4 Nd3 21. Rd1 Nxc1 22. Raxc1 Qf4 23. Qxf4 Nxf4 24. Rc5 Bxg2 25. Rxa5 Bf3 26. Rd2 Nh3+ 27. Kf1 Rac8 28. Ne2 Nf4 29. Nc3 Rc7 30. Bb3 Rcd7 31. Bd1 Bxd1 32. Rxd1 Rxd4 33. Rxd4 Rxd4 34. Rxa7 Rb4 35. Nd1 Rb3 36. Rd7 Rh3 37. Kg1 Nd5 38. Rb7 Rd3 39. Ne3 Nxe3 40. fxe3 Rxe3 41. Kf2 Rd3 42. b4 Rb3 43. b5 Kg7 44. b6 Kf6 45. h4 Rh3 46. Rc7 Rxh4 47. b7 Rb4 48. Ke3 h5 49. Kf3 g5 50. Rd7 h4 51. Kg2 Kg6 52. Rc7 f5 53. Re7 Kf6 54. Rc7 Rb3 55. Rh7 Ke5 56. Rc7 Kd6 57. Rg7 g4 58. Rh7 h3+ 0-1

[Event "IBCA EU-ch blind 05th"]
[Site "Rhodes"]
[Date "2011.09.14"]
[Round "8"]
[White "Wikman, Bengt Ingemar"]
[Black "Harnandan, Sergio"]
[Result "0-1"]
[WhiteElo "1911"]
[BlackElo "2007"]
[PlyCount "72"]
[EventDate "2011.09.06"]
[EventType "swiss"]
[EventRounds "9"]
[EventCountry "GRE"]
[SourceTitle "CBM 144 Extra"]
[Source "ChessBase"]
[SourceDate "2011.10.28"]
[SourceVersion "1"]
[SourceVersionDate "2011.10.28"]
[SourceQuality "1"]

1. e4 c6 2. d4 d5 3. Nc3 dxe4 4. Nxe4 Bf5 5. Ng3 Bg6 6. Nf3 Nd7 7. Bc4 e6 8. Bf4 Qa5+ 9. c3 Ngf6 10. 0-0 Be7 11. Re1 0-0 12. h4 Nh5 13. Ne5 Nxf4 14. Nxd7 Rfd8 15. Re5 Qc7 16. Qg4 Qxd7 17. Qxf4 Bd6 18. h5 Bf5 19. Nxf5 Bxe5 20. Nh6+ gxh6 21. dxe5 Qd2 22. Qg4+ Qg5 23. Qe4 Qxh5 24. Re1 Rd1 25. Rxd1 Qxd1+ 26. Kh2 Qh5+ 27. Kg1 Rd8 28. f3 Qf5 29. Qe1 Qc2 30. Qg3+ Kh8 31. Qh4 Qc1+ 32. Kh2 Qg5 33. Qe4 Rd2 34. f4 Qh4+ 35. Kg1 Qf2+ 36. Kh2 Rd1 0-1

[Event "IBCA-ol blind 13th"]
[Site "Heraklion"]
[Date "2008.10.27"]
[Round "8.2"]
[White "Wikman, Bengt Ingemar"]
[Black "Grove, Izak Johannes"]
[Result "1-0"]
[WhiteElo "1943"]
[BlackElo "1400"]
[PlyCount "31"]
[EventDate "2008.10.19"]
[EventType "team-swiss"]
[EventRounds "9"]
[EventCountry "GRE"]
[SourceTitle "EXT 2010"]
[Source "ChessBase"]
[SourceDate "2010.11.25"]
[SourceVersion "1"]
[SourceVersionDate "2010.11.25"]
[SourceQuality "1"]
[WhiteTeam "Finland (blind)"]
[BlackTeam "South Africa (blind)"]
[WhiteTeamCountry "FIN"]
[BlackTeamCountry "RSA"]

1. e4 d6 2. Nf3 Nf6 3. Nc3 g6 4. Bc4 c6 5. d4 Nbd7 6. e5 dxe5 7. dxe5 Ng4 8. e6 fxe6 9. Bxe6 Nc5 10. Bf7+ Kxf7 11. Qxd8 Bg7 12. Ng5+ Kf6 13. Qd4+ e5 14. Qxc5 Bf5 15. Qd6+ Be6 16. Qxe6# 1-0

[Event "IBCA-ol blind 13th"]
[Site "Heraklion"]
[Date "2008.10.22"]
[Round "4.2"]
[White "Coset, Alexandr"]
[Black "Wikman, Bengt Ingemar"]
[Result "1-0"]
[WhiteElo "2295"]
[BlackElo "1943"]
[PlyCount "53"]
[EventDate "2008.10.19"]
[EventType "team-swiss"]
[EventRounds "9"]
[EventCountry "GRE"]
[SourceTitle "EXT 2010"]
[Source "ChessBase"]
[SourceDate "2010.11.25"]
[SourceVersion "1"]
[SourceVersionDate "2010.11.25"]
[SourceQuality "1"]
[WhiteTeam "Moldova (blind)"]
[BlackTeam "Finland (blind)"]
[WhiteTeamCountry "MDA"]
[BlackTeamCountry "FIN"]

1. g3 Nf6 2. Bg2 g6 3. c4 Bg7 4. Nc3 0-0 5. e4 d6 6. Nce2 Bg4 7. h3 Bxe2 8. Nxe2 c6 9. 0-0 Nbd7 10. d3 Rb8 11. Be3 a6 12. Qd2 e6 13. d4 d5 14. e5 Ne8 15. cxd5 exd5 16. h4 Nc7 17. Bh3 c5 18. f4 c4 19. f5 gxf5 20. Bxf5 Qe7 21. Qc2 h6 22. Nf4 Rfe8 23. Nh5 Ne6 24. Qd2 f6 25. Bxh6 fxe5 26. Bxe6+ Qxe6 27. Nxg7 1-0

[Event "IBCA EU-ch blind 04th"]
[Site "Durham"]
[Date "2007.08.16"]
[Round "3.14"]
[White "Wikman, Bengt Ingemar"]
[Black "Pribeanu, Mihai Dacian"]
[Result "0-1"]
[WhiteElo "1971"]
[BlackElo "2228"]
[PlyCount "74"]
[EventDate "2007.08.14"]
[EventType "swiss"]
[EventRounds "9"]
[EventCountry "ENG"]
[SourceTitle "EXT 2008"]
[Source "ChessBase"]
[SourceDate "2007.11.25"]
[SourceVersion "1"]
[SourceVersionDate "2007.11.25"]
[SourceQuality "1"]

1. e4 c6 2. d4 d5 3. Nc3 dxe4 4. Nxe4 Bf5 5. Ng3 Bg6 6. Nf3 Nd7 7. Bc4 e6 8. 0-0 Ngf6 9. Re1 Be7 10. c3 0-0 11. Qb3 Qc7 12. Ne5 Nxe5 13. dxe5 Nd7 14. f4 Nc5 15. Qd1 Rfd8 16. Qf3 Nd3 17. Rd1 Qb6+ 18. Kf1 Nxc1 19. Rdxc1 Qxb2 20. Ne4 b5 21. Be2 Rd5 22. a4 bxa4 23. Rab1 Qa3 24. Ra1 Qb3 25. Rab1 Qa3 26. Ra1 Bxe4 27. Qxe4 Qc5 28. Rxa4 Bd8 29. Rc4 Qa3 30. Rb1 Bb6 31. Rxc6 Rad8 32. Rd6 Qxc3 33. Rxd8+ Rxd8 34. g3 Qc5 35. Kg2 g6 36. Rf1 Rd2 37. Kh3 Rd4 0-1

[Event "FIN-chT1A 0607"]
[Site "Finland"]
[Date "2007.01.13"]
[Round "5.3"]
[White "Wikman, Bengt Ingemar"]
[Black "Heino, Juha"]
[Result "0-1"]
[WhiteElo "1986"]
[BlackElo "2111"]
[PlyCount "52"]
[EventDate "2006.09.16"]
[EventType "team-tourn"]
[EventRounds "7"]
[EventCountry "FIN"]
[SourceTitle "EXT 2022"]
[Source "ChessBase"]
[SourceDate "2021.10.06"]
[SourceVersion "1"]
[SourceVersionDate "2021.10.06"]
[SourceQuality "1"]
[WhiteTeam "Karjaa KarjUra"]
[BlackTeam "Turku SY"]
[WhiteTeamCountry "FIN"]
[BlackTeamCountry "FIN"]

1. e4 e5 2. Nf3 Nc6 3. Bb5 a6 4. Ba4 Nf6 5. 0-0 Be7 6. Re1 b5 7. Bb3 0-0 8. c3 d5 9. exd5 Nxd5 10. d4 exd4 11. Nxd4 Nxd4 12. Qxd4 Be6 13. Nd2 c5 14. Qe4 Re8 15. Nf3 Nf6 16. Qh4 Bf5 17. Qf4 Bg6 18. c4 Bf8 19. Rxe8 Qxe8 20. Be3 Rd8 21. Re1 Ne4 22. Nh4 Bd6 23. Qg4 Nf6 24. Qe2 Bd3 25. Qf3 bxc4 26. Bd2 Qb5 0-1

[Event "IBCA World Cup 5th"]
[Site "Eretria"]
[Date "2005.07.20"]
[Round "8.1"]
[White "Kacic Karlin, Kresimir"]
[Black "Wikman, Bengt Ingemar"]
[Result "1-0"]
[WhiteElo "2196"]
[BlackElo "1999"]
[PlyCount "87"]
[EventDate "2005.07.13"]
[EventType "team"]
[EventRounds "8"]
[EventCountry "GRE"]
[SourceTitle "EXT 2006"]
[Source "ChessBase"]
[SourceDate "2005.11.24"]
[SourceVersion "1"]
[SourceVersionDate "2005.11.24"]
[SourceQuality "1"]

1. d4 d5 2. Nf3 Nf6 3. c4 c6 4. e3 Nbd7 5. Nc3 a6 6. a4 e6 7. Bd3 dxc4 8. Bxc4 Bb4 9. 0-0 0-0 10. Qe2 Nd5 11. Bd2 N7f6 12. e4 Nxc3 13. bxc3 Ba5 14. Bd3 g6 15. Bg5 Bxc3 16. e5 Bxa1 17. Rxa1 Qa5 18. Bxf6 Qb4 19. Qe3 Re8 20. Rb1 Qf8 21. Rb6 c5 22. dxc5 Bd7 23. a5 Bc6 24. Nd4 Qxc5 25. h4 Bd5 26. Rd6 Rac8 27. Bg5 f5 28. h5 Qxa5 29. hxg6 hxg6 30. Bf6 Qc7 31. Bc2 Qh7 32. Bb3 Bxb3 33. Nxb3 Rc4 34. Rd4 Rxd4 35. Nxd4 b5 36. Nf3 Rc8 37. g3 Qc7 38. Kg2 b4 39. Qg5 Qh7 40. Qf4 a5 41. Ng5 Qh6 42. Qd4 Rf8 43. Qd7 Rxf6 44. exf6 1-0

[Event "IBCA World Cup 5th"]
[Site "Eretria"]
[Date "2005.07.18"]
[Round "6.1"]
[White "Magnusson, Jorgen"]
[Black "Wikman, Bengt Ingemar"]
[Result "1-0"]
[WhiteElo "2310"]
[BlackElo "1999"]
[PlyCount "51"]
[EventDate "2005.07.13"]
[EventType "team"]
[EventRounds "8"]
[EventCountry "GRE"]
[SourceTitle "EXT 2006"]
[Source "ChessBase"]
[SourceDate "2005.11.24"]
[SourceVersion "1"]
[SourceVersionDate "2005.11.24"]
[SourceQuality "1"]

1. e4 c5 2. Nf3 Nc6 3. Nc3 e6 4. Be2 d6 5. d4 cxd4 6. Nxd4 Nf6 7. Be3 Be7 8. Qd2 Bd7 9. Ndb5 Qb8 10. 0-0-0 0-0 11. Nxd6 Rd8 12. f4 e5 13. fxe5 Nxe5 14. Bf4 Ng6 15. e5 Ne8 16. Bg3 Be6 17. Nce4 a6 18. Qc3 b5 19. Rhf1 Ra7 20. Nxf7 Rxd1+ 21. Bxd1 Bxf7 22. e6 Bd6 23. exf7+ Rxf7 24. Rxf7 Kxf7 25. Nxd6+ Nxd6 26. Qd4 1-0

[Event "IBCA World Cup 5th"]
[Site "Eretria"]
[Date "2005.07.13"]
[Round "1.1"]
[White "Pribeanu, Mihai Dacian"]
[Black "Wikman, Bengt Ingemar"]
[Result "1-0"]
[WhiteElo "2266"]
[BlackElo "1999"]
[PlyCount "69"]
[EventDate "2005.07.13"]
[EventType "team"]
[EventRounds "8"]
[EventCountry "GRE"]
[SourceTitle "EXT 2006"]
[Source "ChessBase"]
[SourceDate "2005.11.24"]
[SourceVersion "1"]
[SourceVersionDate "2005.11.24"]
[SourceQuality "1"]

1. e4 c5 2. Nf3 Nc6 3. d4 cxd4 4. Nxd4 e5 5. Nb5 d6 6. N1c3 a6 7. Na3 b5 8. Nd5 f5 9. exf5 Bxf5 10. c3 Nf6 11. Bg5 Be7 12. Bxf6 Bxf6 13. Qh5+ Bg6 14. Qd1 Rc8 15. Be2 0-0 16. 0-0 Bg5 17. Nc2 Kh8 18. a4 Rb8 19. axb5 axb5 20. Ra6 Bxc2 21. Qxc2 Qc8 22. Rfa1 b4 23. Bd3 bxc3 24. bxc3 h6 25. Qe2 Rg8 26. Qe4 g6 27. h4 Bd8 28. h5 Rb7 29. hxg6 Qd7 30. Ra8 Nb8 31. Ne3 Bf6 32. Bc4 Rd8 33. Nf5 Bg5 34. Rb1 Rc8 35. Rxb7 1-0

[Event "Tampere We TaSY op"]
[Site "Tampere"]
[Date "2005.??.??"]
[Round "4"]
[White "Wikman, Bengt Ingemar"]
[Black "Jarvenpaa, Jari"]
[Result "0-1"]
[WhiteElo "1999"]
[BlackElo "2048"]
[PlyCount "80"]
[EventDate "2005.??.??"]
[EventType "swiss"]
[EventRounds "5"]
[EventCountry "FIN"]
[SourceTitle "EXT 2007"]
[Source "ChessBase"]
[SourceDate "2006.11.23"]
[SourceVersion "1"]
[SourceVersionDate "2006.11.23"]
[SourceQuality "1"]

1. e4 d6 2. d4 g6 3. Bc4 Bg7 4. f4 Nf6 5. Qd3 d5 6. exd5 Nxd5 7. Nf3 0-0 8. c3 Bf5 9. Qe2 Nb6 10. Bb3 c5 11. Be3 cxd4 12. Bxd4 Nc6 13. Bxg7 Kxg7 14. Nbd2 a5 15. a4 Qc7 16. Ne5 Rad8 17. Ndf3 Nxe5 18. fxe5 Bd3 19. Qe3 Bc4 20. Nd4 Bxb3 21. Nxb3 Nc4 22. Qc5 Qxc5 23. Nxc5 Rd5 24. b4 Rxe5+ 25. Kf2 b6 26. Nd3 Re3 27. Rhd1 e5 28. Rac1 Rd8 29. Nb2 Rxd1 30. Nxd1 Rd3 31. Ke1 f5 32. bxa5 bxa5 33. Rb1 e4 34. Rb7+ Kh6 35. Rc7 Ne3 36. Nxe3 Rxe3+ 37. Kf2 Rd3 38. Rc5 Kg5 39. c4 Rc3 40. Rxa5 Rxc4 0-1

[Event "IBCA-ol blind 12th"]
[Site "La Pineda"]
[Date "2004.11.12"]
[Round "9.1"]
[White "Kowalczyk, Martin"]
[Black "Wikman, Bengt Ingemar"]
[Result "1/2-1/2"]
[WhiteElo "2066"]
[BlackElo "1973"]
[PlyCount "107"]
[EventDate "2004.11.03"]
[EventType "team-swiss"]
[EventRounds "9"]
[EventCountry "ESP"]
[SourceTitle "EXT 2010"]
[Source "ChessBase"]
[SourceDate "2010.11.25"]
[SourceVersion "1"]
[SourceVersionDate "2010.11.25"]
[SourceQuality "1"]
[WhiteTeam "Italy (blind)"]
[BlackTeam "Finland (blind)"]
[WhiteTeamCountry "ITA"]
[BlackTeamCountry "FIN"]

1. e4 c5 2. Nf3 Nc6 3. Bb5 e6 4. Bxc6 bxc6 5. e5 Ba6 6. d3 d5 7. exd6 Bxd6 8. Nbd2 Nf6 9. b3 Qc7 10. 0-0 0-0 11. Re1 Rad8 12. Qe2 Bc8 13. Nc4 Nd5 14. Bd2 f6 15. a4 Rde8 16. Ba5 Qd7 17. Nxd6 Qxd6 18. Nd2 e5 19. Ne4 Qe7 20. Bd2 Bf5 21. f3 Bxe4 22. dxe4 Nc7 23. Qc4+ Kh8 24. Be3 Ne6 25. a5 Rb8 26. Red1 Rfd8 27. Rxd8+ Rxd8 28. a6 Nd4 29. Ra5 Ne6 30. Bxc5 Rd1+ 31. Kf2 Qd7 32. Be3 Nf4 33. Qc3 Rh1 34. Ra1 Rxh2 35. Bxf4 exf4 36. Qd3 Qxd3 37. cxd3 Rh5 38. Rc1 h6 39. Rxc6 Rb5 40. Rc7 Rxb3 41. Rxa7 Rxd3 42. Rb7 Rd2+ 43. Kg1 Ra2 44. a7 Kh7 45. Kh2 h5 46. Kh3 Kh6 47. Re7 Ra6 48. e5 Ra1 49. g3 fxe5 50. g4 h4 51. g5+ Kxg5 52. Rxg7+ Kf5 53. Rf7+ Kg6 54. Re7 1/2-1/2